[Event "29. Torneo San Viator 2017 - Torneo B"]
[Site "Madrid ESP"]
[Date "2017.10.01"]
[Round "3.44"]
[White "Crespo Gomez, Ruben"]
[Black "Perales Hernandez, Manuel"]
[Result "1-0"]
[WhiteElo "1204"]
[BlackElo "1367"]
[PlyCount "81"]
[EventDate "2017.09.17"]
[EventType "swiss"]
[EventRounds "9"]
[EventCountry "ESP"]
[SourceTitle "Ajedrez en Madrid"]
[Source "lmi"]
[SourceDate "2017.09.17"]

1. d4 d5 2. c4 b6 3. Nc3 dxc4 4. e3 Ba6 5. Nf3 e6 6. g3 c6 7. Bg2 b5 8. a3 Bb7
9. e4 Qd7 10. Ne5 Qc7 11. Bf4 Qb6 12. O-O Na6 13. Re1 b4 14. axb4 Qxb4 15. Rb1
g6 16. Qe2 Nb8 17. Qxc4 f6 18. Qxe6+ Qe7 19. Qxe7+ Nxe7 20. Nc4 Nc8 21. b4 g5
22. Bd2 Ne7 23. Nd6+ Kd7 24. Nxb7 Kc7 25. Nc5 Kd6 26. e5+ fxe5 27. dxe5+ Kc7
28. Ne6+ Kc8 29. Bxg5 Kd7 30. Nxf8+ Rxf8 31. e6+ Ke8 32. b5 Rf5 33. Bxe7 Kxe7
34. bxc6 Na6 35. Rb7+ Ke8 36. Rxh7 Rd8 37. c7 Rc8 38. Nd5 Nc5 39. Rh8+ Rf8 40.
Rh7 Na6 41. Re7# 1-0

[Event "29. Torneo San Viator 2017 - Torneo B"]
[Site "Madrid ESP"]
[Date "2017.10.01"]
[Round "3.45"]
[White "Rodriguez Arribas, Pedro"]
[Black "Palomares Cortez, Facundo Sebastian"]
[Result "0-1"]
[WhiteElo "1082"]
[BlackElo "1360"]
[PlyCount "54"]
[EventDate "2017.09.17"]
[EventType "swiss"]
[EventRounds "9"]
[EventCountry "ESP"]
[SourceTitle "Ajedrez en Madrid"]
[Source "lmi"]
[SourceDate "2017.09.17"]

1. e4 c5 2. Nc3 Nc6 3. Nf3 d6 4. d4 cxd4 5. Nxd4 Nf6 6. Bd3 Nxd4 7. Be3 Nc6 8.
Qe2 g6 9. O-O-O Bg7 10. Bb5 Bd7 11. Rd3 Ne5 12. Rd2 Bxb5 13. Qxb5+ Qd7 14. Qb3
Qc6 15. Bd4 Nxe4 16. Nxe4 Qxe4 17. f3 Qc6 18. c3 O-O 19. Re1 Bh6 20. Be3 Bxe3
21. Rxe3 Nc4 22. Rde2 Nxe3 23. Rxe3 e5 24. c4 Rac8 25. Re4 b5 26. Kb1 bxc4 27.
Rxc4 Qxc4 0-1

[Event "29. Torneo San Viator 2017 - Torneo B"]
[Site "Madrid ESP"]
[Date "2017.10.08"]
[Round "4.1"]
[White "San Felipe Gonzalez, Tomas"]
[Black "Alcojor Patilla, Antonio"]
[Result "1-0"]
[WhiteElo "1689"]
[BlackElo "1618"]
[PlyCount "127"]
[EventDate "2017.09.17"]
[EventType "swiss"]
[EventRounds "9"]
[EventCountry "ESP"]
[SourceTitle "Ajedrez en Madrid"]
[Source "lmi"]
[SourceDate "2017.09.17"]

1. d4 d6 2. Nc3 Nf6 3. e4 g6 4. Nf3 Bg7 5. Be2 O-O 6. O-O c5 7. dxc5 dxc5 8.
Qxd8 Rxd8 9. Be3 b6 10. h3 Bb7 11. Nd2 Nc6 12. f3 Nh5 13. Rfd1 Ng3 14. Bd3 Nb4
15. Nf1 Nxf1 16. Kxf1 Nxd3 17. cxd3 Ba6 18. Ke2 e6 19. Rd2 Rd7 20. a4 Rad8 21.
Rad1 f5 22. a5 Kf7 23. Na4 Rd6 24. axb6 axb6 25. g4 Bb5 26. Nc3 Bc6 27. gxf5
exf5 28. Bf4 Re6 29. Bc7 Rc8 30. Bxb6 Bxe4 31. dxe4 Rxb6 32. Rd7+ Kf8 33. Rd8+
Rxd8 34. Rxd8+ Ke7 35. Rd2 Bxc3 36. bxc3 Rd6 37. Rd5 Rxd5 38. exd5 Kd6 39. c4
g5 40. Kf2 h5 41. Kg3 h4+ 42. Kf2 Ke5 43. f4+ Kf6 44. fxg5+ Kxg5 45. Kf3 Kg6
46. Kf4 Kf6 47. d6 Ke6 48. d7 Kxd7 49. Kxf5 Kd6 50. Kf6 Kd7 51. Ke5 Kc6 52. Ke6
Kc7 53. Kd5 Kb6 54. Kd6 Kb7 55. Kxc5 Kc7 56. Kd5 Kd7 57. Ke5 Kc6 58. Kf4 Kc5
59. Kg4 Kxc4 60. Kxh4 Kd5 61. Kg5 Ke5 62. h4 Ke6 63. Kg6 Ke7 64. Kg7 1-0

[Event "29. Torneo San Viator 2017 - Torneo B"]
[Site "Madrid ESP"]
[Date "2017.10.08"]
[Round "4.2"]
[White "Alameda Arellano, Cristeto"]
[Black "Merino Araguas, Jose Javier"]
[Result "0-1"]
[WhiteElo "1577"]
[BlackElo "1680"]
[PlyCount "106"]
[EventDate "2017.09.17"]
[EventType "swiss"]
[EventRounds "9"]
[EventCountry "ESP"]
[SourceTitle "Ajedrez en Madrid"]
[Source "lmi"]
[SourceDate "2017.09.17"]

1. d4 Nf6 2. Bf4 c5 3. e3 d5 4. c3 Qb6 5. Qb3 c4 6. Qc2 Nc6 7. Nd2 g6 8. f3 Nh5
9. Bg5 h6 10. Bh4 Bg7 11. e4 Na5 12. exd5 O-O 13. Nxc4 Nxc4 14. Bxc4 Nf4 15.
Bg3 Bf5 16. Qd2 g5 17. Bxf4 gxf4 18. Ne2 e5 19. dxe6 fxe6 20. Nxf4 Rac8 21. Bb3
Rce8 22. O-O-O a5 23. Rde1 Re7 24. g4 Bh7 25. Nxe6 a4 26. Bxa4 Rf6 27. Bb3 Kh8
28. Nxg7 Rxg7 29. Re8+ Bg8 30. Qd3 Qc6 31. Rxg8+ Rxg8 32. Bxg8 Kxg8 33. Rf1 Qe6
34. Kd2 Qxa2 35. Qb5 Qf7 36. Qd3 Rb6 37. Rb1 Qf4+ 38. Qe3 Qxh2+ 39. Qe2 Qf4+
40. Kc2 Qf7 41. Re1 Qb3+ 42. Kc1 Ra6 43. Qe8+ Kg7 44. Re7+ Kf6 45. Qf8+ Kg5 46.
Rg7+ Kh4 47. Qe7+ Kh3 48. Qb4 Ra1+ 49. Kd2 Qd1+ 50. Ke3 Qe1+ 51. Kd3 Rd1+ 52.
Kc4 Qe6+ 53. Kb5 Qc6+ 0-1

[Event "29. Torneo San Viator 2017 - Torneo B"]
[Site "Madrid ESP"]
[Date "2017.10.08"]
[Round "4.3"]
[White "Rojo Jorge, Luis"]
[Black "Castro Uceda, Jose Antonio"]
[Result "1-0"]
[WhiteElo "1525"]
[BlackElo "1636"]
[PlyCount "83"]
[EventDate "2017.09.17"]
[EventType "swiss"]
[EventRounds "9"]
[EventCountry "ESP"]
[SourceTitle "Ajedrez en Madrid"]
[Source "lmi"]
[SourceDate "2017.09.17"]

1. e4 c5 2. Nc3 e6 3. f4 a6 4. a4 d5 5. exd5 exd5 6. Nf3 Bg4 7. h3 Bh5 8. g4 d4
9. Qe2+ Be7 10. Nd1 Nf6 11. gxh5 Nxh5 12. Qe5 Nf6 13. Bc4 Nc6 14. Qf5 O-O 15.
Nf2 Re8 16. O-O g6 17. Qg5 Nb4 18. f5 Nxc2 19. fxg6 hxg6 20. Rb1 Bd6 21. Qxg6+
Kh8 22. Bxf7 Rf8 23. Qh6+ Nh7 24. Bg6 Qe7 25. Ng5 Qxg5+ 26. Qxg5 Nxg5 27. Bxc2
Nf3+ 28. Kh1 Rg8 29. Ng4 Raf8 30. d3 Nh4 31. Bh6 Re8 32. Rbe1 Nf5 33. Rxe8 Ng3+
34. Kg2 Rxe8 35. Rf2 b5 36. axb5 axb5 37. Bb3 Ne2 38. Nf6 Re5 39. Ne4 Nc1 40.
Bxc1 c4 41. Nxd6 cxb3 42. Nf7+ 1-0

[Event "29. Torneo San Viator 2017 - Torneo B"]
[Site "Madrid ESP"]
[Date "2017.10.08"]
[Round "4.4"]
[White "Jimenez Alvaro, Angel"]
[Black "Aldea Moreno, Marina"]
[Result "0-1"]
[WhiteElo "1683"]
[BlackElo "1479"]
[PlyCount "30"]
[EventDate "2017.09.17"]
[EventType "swiss"]
[EventRounds "9"]
[EventCountry "ESP"]
[SourceTitle "Ajedrez en Madrid"]
[Source "lmi"]
[SourceDate "2017.09.17"]

1. d4 Nf6 2. Bf4 c5 3. Nd2 cxd4 4. Nb3 g6 5. Nxd4 e5 6. Bg5 exd4 7. Qxd4 Bg7 8.
e4 Nc6 9. Qe3 Qa5+ 10. c3 O-O 11. Nf3 Re8 12. Bd3 Ng4 13. Qd2 d5 14. O-O dxe4
15. Rfe1 Bf5 0-1

[Event "29. Torneo San Viator 2017 - Torneo B"]
[Site "Madrid ESP"]
[Date "2017.10.08"]
[Round "4.5"]
[White "Haering Hijon, Javier"]
[Black "Navarro Gonzalez, Jaime"]
[Result "0-1"]
[WhiteElo "1344"]
[BlackElo "1748"]
[PlyCount "76"]
[EventDate "2017.09.17"]
[EventType "swiss"]
[EventRounds "9"]
[EventCountry "ESP"]
[SourceTitle "Ajedrez en Madrid"]
[Source "lmi"]
[SourceDate "2017.09.17"]

1. e4 d5 2. exd5 Qxd5 3. Nc3 Qa5 4. Nf3 Bf5 5. Bc4 Nf6 6. O-O e6 7. d3 c6 8.
Re1 Be7 9. h3 O-O 10. Bf4 Nbd7 11. a3 Nd5 12. Bd2 Nxc3 13. Bxc3 Qc7 14. Qe2 Bf6
15. Bxf6 Nxf6 16. Nh4 Bg6 17. Nxg6 hxg6 18. Rad1 Nd5 19. c3 Rfd8 20. Qf3 Rd6
21. h4 Nf6 22. g4 Rad8 23. h5 gxh5 24. gxh5 Qa5 25. Qg3 Qxh5 26. Re5 Qxd1+ 27.
Kg2 Qg4 28. Rg5 Qxg3+ 29. Rxg3 b5 30. Bb3 Rxd3 31. Rg5 Rd2 32. a4 Rxb2 33. Bxe6
fxe6 34. axb5 cxb5 35. Rc5 Rxf2+ 36. Kg1 Ne4 37. Rd5 Rxd5 38. c4 Rd1# 0-1

[Event "29. Torneo San Viator 2017 - Torneo B"]
[Site "Madrid ESP"]
[Date "2017.10.08"]
[Round "4.6"]
[White "Alvarez Poves, Jesus"]
[Black "Garcia Martin, Javier"]
[Result "1-0"]
[WhiteElo "1598"]
[BlackElo "1532"]
[PlyCount "87"]
[EventDate "2017.09.17"]
[EventType "swiss"]
[EventRounds "9"]
[EventCountry "ESP"]
[SourceTitle "Ajedrez en Madrid"]
[Source "lmi"]
[SourceDate "2017.09.17"]

1. d4 d5 2. c4 e6 3. Nc3 Nf6 4. Bg5 Be7 5. e3 O-O 6. Nf3 Nbd7 7. Rc1 c6 8. Qc2
h6 9. cxd5 exd5 10. Bf4 Re8 11. Bd3 Bb4 12. O-O Qe7 13. Ne5 Nxe5 14. Bxe5 Bd6
15. Bxd6 Qxd6 16. Rfe1 Ng4 17. f4 Nxe3 18. Qf2 Qe7 19. Nd1 Bd7 20. Nxe3 Qf6 21.
Nc2 Kf8 22. Re5 Rxe5 23. fxe5 Qg5 24. Rf1 Be6 25. Bf5 Qe7 26. Bxe6 Qxe6 27. Qf5
Ke7 28. Qxe6+ Kxe6 29. Ne3 g6 30. Rf6+ Ke7 31. Rd6 h5 32. Kf2 Rf8 33. g4 f6 34.
Rxf6 Rxf6+ 35. exf6+ Kxf6 36. gxh5 gxh5 37. h4 b6 38. b4 a6 39. Kf3 Ke6 40. Kf4
Kf6 41. a4 b5 42. a5 Kg6 43. Ke5 Kf7 44. Kd6 1-0

[Event "29. Torneo San Viator 2017 - Torneo B"]
[Site "Madrid ESP"]
[Date "2017.10.08"]
[Round "4.7"]
[White "Fernandez Garcia, Emilio"]
[Black "Jarne Anguita, Miguel"]
[Result "1-0"]
[WhiteElo "1579"]
[BlackElo "1436"]
[PlyCount "51"]
[EventDate "2017.09.17"]
[EventType "swiss"]
[EventRounds "9"]
[EventCountry "ESP"]
[SourceTitle "Ajedrez en Madrid"]
[Source "lmi"]
[SourceDate "2017.09.17"]

1. e4 c5 2. Nf3 d6 3. d4 cxd4 4. Nxd4 Nf6 5. Nc3 g6 6. Be3 Bg7 7. f3 O-O 8. Qd2
Nc6 9. Bc4 Bd7 10. Bb3 Na5 11. O-O-O Nxb3+ 12. Nxb3 a6 13. h4 b5 14. Bh6 Be6
15. Bxg7 Kxg7 16. h5 Nxh5 17. g4 Nf6 18. Qh6+ Kg8 19. g5 Nh5 20. Rxh5 gxh5 21.
Rh1 f5 22. Qxe6+ Rf7 23. exf5 Qc8 24. Qxc8+ Rxc8 25. Nd5 Rc5 26. Nxc5 1-0

[Event "29. Torneo San Viator 2017 - Torneo B"]
[Site "Madrid ESP"]
[Date "2017.10.08"]
[Round "4.8"]
[White "Fernandez Garcia, Emiliano"]
[Black "Lopez Nunez, Alonso"]
[Result "0-1"]
[WhiteElo "1537"]
[BlackElo "1549"]
[PlyCount "118"]
[EventDate "2017.09.17"]
[EventType "swiss"]
[EventRounds "9"]
[EventCountry "ESP"]
[SourceTitle "Ajedrez en Madrid"]
[Source "lmi"]
[SourceDate "2017.09.17"]

1. d4 Nf6 2. Bf4 e6 3. Nf3 c5 4. e3 Nc6 5. c3 d5 6. h3 Bd6 7. Ne5 Qc7 8. Bb5
Bd7 9. Bxc6 bxc6 10. Nd2 Rb8 11. Qc2 O-O 12. O-O Rb7 13. Nb3 Rfb8 14. Rfb1 Ne4
15. Nd2 Nxd2 16. Qxd2 Be8 17. Nd3 c4 18. Bxd6 Qxd6 19. Nc5 Rb6 20. b4 f6 21. a4
Bd7 22. a5 Rb5 23. Re1 e5 24. Qe2 Re8 25. Qd2 e4 26. Ra3 Bc8 27. a6 f5 28. Rb1
Qg6 29. Kf1 Qd6 30. g3 f4 31. gxf4 Bxh3+ 32. Ke1 Bg4 33. Qc1 Qh6 34. Kd2 Rf8
35. Qh1 Bh3 36. Raa1 Qh4 37. Qh2 Rf6 38. Qg3 Qh5 39. Rh1 Rh6 40. Rag1 Rg6 41.
Qxh3 Qxh3 42. Rxh3 Rxg1 43. Rg3 Rxg3 44. fxg3 Rb8 45. Ke2 Kf7 46. g4 h5 47. Nd7
Rc8 48. Ne5+ Kg8 49. gxh5 Kh7 50. Ng4 Rb8 51. Kf2 Rb6 52. Kg3 Rxa6 53. Ne5 Kh6
54. Kg4 Ra3 55. Nxc6 Rxc3 56. Nxa7 Rxe3 57. b5 Rb3 58. Nc6 c3 59. b6 c2 0-1

[Event "29. Torneo San Viator 2017 - Torneo B"]
[Site "Madrid ESP"]
[Date "2017.10.08"]
[Round "4.9"]
[White "Bustos Bernardo, Diego"]
[Black "Lavayen Torres, Leonardo"]
[Result "1-0"]
[WhiteElo "1730"]
[BlackElo "1342"]
[PlyCount "45"]
[EventDate "2017.09.17"]
[EventType "swiss"]
[EventRounds "9"]
[EventCountry "ESP"]
[SourceTitle "Ajedrez en Madrid"]
[Source "lmi"]
[SourceDate "2017.09.17"]

1. Nf3 Nf6 2. c4 g6 3. Nc3 Bg7 4. e4 d6 5. d4 Nbd7 6. Be2 O-O 7. O-O Re8 8. Re1
e5 9. Bf1 exd4 10. Nxd4 Nc5 11. f3 Be6 12. b4 Ncd7 13. Rb1 Nb6 14. c5 dxc5 15.
bxc5 Nbd7 16. c6 Nc5 17. cxb7 Nfxe4 18. bxa8=Q Nxc3 19. Qxd8 Rxd8 20. Qc2 Bxd4+
21. Be3 Bf5 22. Qf2 Bxe3 23. Qxe3 1-0

[Event "29. Torneo San Viator 2017 - Torneo B"]
[Site "Madrid ESP"]
[Date "2017.10.08"]
[Round "4.10"]
[White "Prieto Gonzalez, Cesar"]
[Black "Villanueva Ortega, Ruben"]
[Result "0-1"]
[WhiteElo "1535"]
[BlackElo "1744"]
[PlyCount "146"]
[EventDate "2017.09.17"]
[EventType "swiss"]
[EventRounds "9"]
[EventCountry "ESP"]
[SourceTitle "Ajedrez en Madrid"]
[Source "lmi"]
[SourceDate "2017.09.17"]

1. e4 e6 2. d3 d5 3. Nd2 Nf6 4. Ngf3 Be7 5. g3 O-O 6. Bg2 b6 7. O-O Bb7 8. Re1
c5 9. e5 Nfd7 10. Nf1 Nc6 11. h4 Qc7 12. Bf4 a5 13. N1h2 a4 14. a3 b5 15. c3
Nb6 16. Ng5 Bxg5 17. Bxg5 d4 18. Ng4 Ne7 19. Nf6+ gxf6 20. Bxf6 Rfb8 21. Qg4+
Kf8 22. Qg7+ Ke8 23. Qg8+ Kd7 24. Qxf7 Qd8 25. Bh3 Bd5 26. Qxh7 Rb7 27. cxd4 c4
28. dxc4 bxc4 29. Bg2 Kc6 30. Qh6 Bxg2 31. Kxg2 Qd5+ 32. Kg1 Nf5 33. Qf4 Rg8
34. Bg5 Nd7 35. Re2 Rb3 36. Rd1 Nb6 37. g4 Rf3 38. Qe4 Ng7 39. Qxd5+ Nxd5 40.
Kg2 Rb3 41. f3 Kd7 42. Rc1 c3 43. bxc3 Nxc3 44. Rec2 Nd5 45. Ra1 Ne8 46. Bd2
Ne3+ 47. Bxe3 Rxe3 48. Rc4 Rf8 49. Rf1 Rxa3 50. h5 Nc7 51. Kg3 Nd5 52. h6 Ne3
53. Rfc1 Nxc4 54. Rxc4 Raxf3+ 55. Kh4 a3 56. Ra4 Rg8 57. Ra7+ Kc6 58. h7 Rh8
59. Kg5 a2 60. Kg6 Rh3 61. Rxa2 R3xh7 62. Ra6+ Kd5 63. Rd6+ Ke4 64. Kf6 Rh6+
65. Kg5 Kf3 66. d5 Rh4 67. Rxe6 Rxg4+ 68. Kf6 Ke4 69. d6 Kd5 70. Kf7 Rh7+ 71.
Kf6 Rh6+ 72. Kf5 Rf4+ 73. Kxf4 Kxe6 0-1

[Event "29. Torneo San Viator 2017 - Torneo B"]
[Site "Madrid ESP"]
[Date "2017.10.08"]
[Round "4.11"]
[White "Urbelz Perez, Ignacio"]
[Black "Franco Rincon, David"]
[Result "1-0"]
[WhiteElo "1517"]
[BlackElo "1686"]
[PlyCount "49"]
[EventDate "2017.09.17"]
[EventType "swiss"]
[EventRounds "9"]
[EventCountry "ESP"]
[SourceTitle "Ajedrez en Madrid"]
[Source "lmi"]
[SourceDate "2017.09.17"]

1. e4 Nc6 2. Nf3 e5 3. Bb5 a6 4. Ba4 d6 5. d3 Be7 6. O-O Nf6 7. Bg5 b5 8. Bb3
Bg4 9. c3 O-O 10. Nbd2 Rb8 11. Qc2 Nd7 12. Be3 Kh8 13. h3 Be6 14. d4 exd4 15.
cxd4 Bxb3 16. Nxb3 Na7 17. d5 Nc8 18. Na5 Ra8 19. Rac1 c5 20. dxc6 Qxa5 21.
cxd7 Na7 22. Qc7 Qb4 23. Bxa7 Bd8 24. Qb7 Bf6 25. Rc8 1-0

[Event "29. Torneo San Viator 2017 - Torneo B"]
[Site "Madrid ESP"]
[Date "2017.10.08"]
[Round "4.12"]
[White "Periotto Miori, Lautaro"]
[Black "Mora Marin, Guillermo"]
[Result "0-1"]
[WhiteElo "1492"]
[BlackElo "1656"]
[PlyCount "94"]
[EventDate "2017.09.17"]
[EventType "swiss"]
[EventRounds "9"]
[EventCountry "ESP"]
[SourceTitle "Ajedrez en Madrid"]
[Source "lmi"]
[SourceDate "2017.09.17"]

1. e4 e6 2. d4 d5 3. e5 c5 4. c3 Nc6 5. Nf3 Qb6 6. a3 cxd4 7. cxd4 Nge7 8. b4
a5 9. b5 Nd8 10. a4 Nf5 11. Bb2 Bb4+ 12. Nbd2 O-O 13. Be2 f6 14. g4 Nh6 15.
exf6 Nxg4 16. fxg7 Rf7 17. h3 Nf6 18. Rg1 Rxg7 19. Rxg7+ Kxg7 20. Bd3 Nf7 21.
Ke2 Bd7 22. Qg1+ Kh8 23. Ng5 Nxg5 24. Qxg5 Qd8 25. Rg1 Qe7 26. Bxh7 Nxh7 27.
Qe5+ Qf6 28. Nf3 Rf8 29. Nh4 Qxe5+ 30. dxe5 Be8 31. Ng6+ Bxg6 32. Rxg6 Bc5 33.
f3 Re8 34. f4 Nf8 35. Rg4 Re7 36. Bc3 b6 37. Kf3 Rg7 38. Rh4+ Kg8 39. Rg4 Ng6
40. Be1 Kf7 41. Ke2 Rh7 42. h4 Be7 43. Bf2 Bd8 44. Ke3 Nxh4 45. Ke2 Ng6 46. Kf1
Rh1+ 47. Bg1 Rh3 0-1

[Event "29. Torneo San Viator 2017 - Torneo B"]
[Site "Madrid ESP"]
[Date "2017.10.08"]
[Round "4.13"]
[White "Arias Cusio, Oscar"]
[Black "Garcia Prada, Alejandro"]
[Result "1-0"]
[WhiteElo "1655"]
[BlackElo "1505"]
[PlyCount "117"]
[EventDate "2017.09.17"]
[EventType "swiss"]
[EventRounds "9"]
[EventCountry "ESP"]
[SourceTitle "Ajedrez en Madrid"]
[Source "lmi"]
[SourceDate "2017.09.17"]

1. e4 c5 2. Nf3 Nc6 3. c3 g6 4. Bb5 a6 5. Bxc6 dxc6 6. h3 Bg7 7. O-O Nf6 8. Re1
O-O 9. e5 Nd5 10. d4 cxd4 11. cxd4 Be6 12. Nc3 Nxc3 13. bxc3 Qa5 14. Bd2 Rfd8
15. Ng5 Rf8 16. Nxe6 fxe6 17. Qb3 Qc7 18. Qxe6+ Rf7 19. Bf4 Raf8 20. Bg3 Bh6
21. Qb3 Qc8 22. Rab1 b5 23. a4 Kh8 24. axb5 cxb5 25. Rbd1 Bf4 26. Bxf4 Rxf4 27.
Re2 Qf5 28. Rdd2 Qg5 29. d5 Re4 30. e6 Qe5 31. Qb2 Rff4 32. g3 Rf6 33. Rxe4
Qxe4 34. Qa2 Kg7 35. d6 exd6 36. Rxd6 Qe1+ 37. Kg2 Qxc3 38. Qd5 Qe1 39. Qd4 g5
40. Rxa6 Qe2 41. Ra7+ Kg6 42. e7 Re6 43. Qb4 Qe4+ 44. Qxe4+ Rxe4 45. Rb7 b4 46.
Kf3 Re6 47. Rb6 Rxb6 48. e8=Q+ Kh6 49. Qe3 Rf6+ 50. Ke2 Kg6 51. Qe4+ Kh6 52.
Qxb4 Re6+ 53. Kf3 Rf6+ 54. Kg4 Kg6 55. Qe4+ Kh6 56. Qe7 Rg6 57. Kf5 g4 58. hxg4
Rf6+ 59. Qxf6# 1-0

[Event "29. Torneo San Viator 2017 - Torneo B"]
[Site "Madrid ESP"]
[Date "2017.10.08"]
[Round "4.14"]
[White "Caparros Armand, M Isabel"]
[Black "Ramos Antona, Enrique"]
[Result "0-1"]
[WhiteElo "1293"]
[BlackElo "1650"]
[PlyCount "140"]
[EventDate "2017.09.17"]
[EventType "swiss"]
[EventRounds "9"]
[EventCountry "ESP"]
[SourceTitle "Ajedrez en Madrid"]
[Source "lmi"]
[SourceDate "2017.09.17"]

1. d4 Nf6 2. c4 e6 3. Nc3 d5 4. Bg5 c6 5. Nf3 Be7 6. e3 h6 7. Bh4 Nbd7 8. Bd3
dxc4 9. Bxc4 b5 10. Bd3 Bb7 11. O-O O-O 12. Re1 a6 13. Qc2 c5 14. b3 Bxf3 15.
gxf3 cxd4 16. exd4 Rc8 17. Qd2 Qa5 18. Ne4 Qxd2 19. Nxd2 Bb4 20. Re2 Bc3 21.
Rd1 Bxd4 22. a4 bxa4 23. Bxa6 Ra8 24. Bc4 a3 25. b4 a2 26. Nb3 a1=Q 27. Nxa1
Bxa1 28. b5 Nb6 29. Ba2 Bc3 30. Bg3 Nfd5 31. f4 Bf6 32. f5 Nc3 33. Rdd2 Nxe2+
34. Rxe2 exf5 35. Bc7 Na4 36. Bd5 Nc3 37. Rd2 Ra1+ 38. Kg2 Nxb5 39. Bb6 Nc3 40.
Bd4 Nxd5 41. Bxa1 Bxa1 42. Rxd5 g6 43. Kg3 Kg7 44. Ra5 Bf6 45. h4 Rd8 46. Rb5
Rd3+ 47. f3 Be7 48. h5 Bd6+ 49. Kf2 f4 50. hxg6 Rd2+ 51. Ke1 Rd4 52. gxf7 Kxf7
53. Rb7+ Kg6 54. Rb6 Kg5 55. Ke2 Kh4 56. Rb5 Bb4 57. Rf5 Rd2+ 58. Kf1 Kg3 59.
Rh5 Kxf3 60. Rh3+ Kg4 61. Rxh6 Kf3 62. Rh3+ Ke4 63. Rb3 Bc5 64. Ke1 Be3 65.
Rb4+ Kf3 66. Rb3 Rh2 67. Kd1 Rh1+ 68. Kc2 Ke2 69. Kc3 Bd2+ 70. Kd4 f3 0-1

[Event "29. Torneo San Viator 2017 - Torneo B"]
[Site "Madrid ESP"]
[Date "2017.10.08"]
[Round "4.15"]
[White "Gomez Logrosan, Cristian"]
[Black "Garcia Rojas, Juan Carlos"]
[Result "1-0"]
[WhiteElo "1638"]
[BlackElo "1470"]
[PlyCount "79"]
[EventDate "2017.09.17"]
[EventType "swiss"]
[EventRounds "9"]
[EventCountry "ESP"]
[SourceTitle "Ajedrez en Madrid"]
[Source "lmi"]
[SourceDate "2017.09.17"]

1. Nf3 d6 2. g3 e5 3. d3 Be7 4. Bg2 Bd7 5. O-O Nc6 6. c3 Nf6 7. e4 O-O 8. Nbd2
b6 9. Nc4 Be6 10. Ne3 Qc8 11. Re1 Rd8 12. Qe2 Rb8 13. Nh4 Na5 14. Nhf5 Bf8 15.
Ng4 Nxg4 16. Qxg4 Bxf5 17. exf5 f6 18. b4 Nc6 19. Bxc6 b5 20. Bd5+ Kh8 21. Kg2
c6 22. Be6 Qc7 23. Be3 d5 24. h4 a5 25. a3 a4 26. h5 Rb7 27. h6 c5 28. hxg7+
Bxg7 29. Bxc5 Bh6 30. Rh1 Bd2 31. Rh5 d4 32. cxd4 exd4 33. Rxh7+ Qxh7 34. Rh1
Bh6 35. Bxd4 Rf8 36. Be3 Rg7 37. Qe4 Rg5 38. Bxg5 fxg5 39. Qe5+ Qg7 40. Rxh6#
1-0

[Event "29. Torneo San Viator 2017 - Torneo B"]
[Site "Madrid ESP"]
[Date "2017.10.08"]
[Round "4.16"]
[White "Martin Claudio, Andres"]
[Black "Calvo Gonzalez, Jose Felix"]
[Result "1/2-1/2"]
[WhiteElo "1633"]
[BlackElo "1385"]
[PlyCount "75"]
[EventDate "2017.09.17"]
[EventType "swiss"]
[EventRounds "9"]
[EventCountry "ESP"]
[SourceTitle "Ajedrez en Madrid"]
[Source "lmi"]
[SourceDate "2017.09.17"]

1. d4 Nf6 2. c4 e6 3. Nf3 Bb4+ 4. Bd2 Bxd2+ 5. Nbxd2 O-O 6. e4 d6 7. Be2 c5 8.
d5 exd5 9. exd5 Re8 10. O-O Bf5 11. Re1 Nbd7 12. Qb3 b6 13. Bd3 Bxd3 14. Rxe8+
Qxe8 15. Qxd3 Ne5 16. Qc2 Qe7 17. Re1 Nxf3+ 18. Nxf3 Qd7 19. b3 Re8 20. Rxe8+
Qxe8 21. a4 Qe4 22. Qxe4 Nxe4 23. Kf1 Kf8 24. Ke2 Ke7 25. Nd2 Nxd2 26. Kxd2 a5
27. g4 h5 28. h3 hxg4 29. hxg4 f5 30. Ke3 Kf6 31. gxf5 Kxf5 32. f4 g5 33. fxg5
Kxg5 34. Ke4 Kg4 35. Ke3 Kg3 36. Ke4 Kg4 37. Ke3 Kg3 38. Ke4 1/2-1/2

[Event "29. Torneo San Viator 2017 - Torneo B"]
[Site "Madrid ESP"]
[Date "2017.10.08"]
[Round "4.17"]
[White "Soria Martinez, Daniel"]
[Black "Correas Aguilera, Eufemio"]
[Result "0-1"]
[WhiteElo "1283"]
[BlackElo "1621"]
[PlyCount "90"]
[EventDate "2017.09.17"]
[EventType "swiss"]
[EventRounds "9"]
[EventCountry "ESP"]
[SourceTitle "Ajedrez en Madrid"]
[Source "lmi"]
[SourceDate "2017.09.17"]

1. e4 d5 2. exd5 Qxd5 3. Nc3 Qa5 4. d4 Nf6 5. Nf3 Bf5 6. Bc4 e6 7. Bd2 c6 8.
O-O Qc7 9. h3 Bd6 10. Ne5 Bxe5 11. dxe5 Qxe5 12. Re1 Qd6 13. Ne2 O-O 14. Ng3
Bg6 15. c3 Nbd7 16. Qe2 Nb6 17. Bb3 Rad8 18. Rad1 Rfe8 19. Bg5 Qe7 20. Bc2 Rxd1
21. Rxd1 Rd8 22. Bxg6 hxg6 23. Ne4 Rxd1+ 24. Qxd1 Qd7 25. Nxf6+ gxf6 26. Qxd7
Nxd7 27. Be3 a6 28. Bd4 Kf8 29. f3 Ke7 30. h4 e5 31. Be3 f5 32. g4 fxg4 33.
fxg4 Nf6 34. Bg5 Ke6 35. Bxf6 Kxf6 36. Kg2 Ke6 37. Kf3 b6 38. Ke4 f5+ 39. gxf5+
gxf5+ 40. Kf3 Kf6 41. b4 b5 42. Ke3 Kg6 43. Kd3 f4 44. Ke4 Kh5 45. Kxe5 f3 0-1

[Event "29. Torneo San Viator 2017 - Torneo B"]
[Site "Madrid ESP"]
[Date "2017.10.08"]
[Round "4.18"]
[White "Mateos Cordero, Francisco"]
[Black "Baranco Gonzalez, Nicolas"]
[Result "1-0"]
[WhiteElo "1618"]
[BlackElo "1455"]
[PlyCount "87"]
[EventDate "2017.09.17"]
[EventType "swiss"]
[EventRounds "9"]
[EventCountry "ESP"]
[SourceTitle "Ajedrez en Madrid"]
[Source "lmi"]
[SourceDate "2017.09.17"]

1. d4 d5 2. Nf3 Nf6 3. g3 Bg4 4. Bg2 Bxf3 5. Bxf3 e6 6. Nd2 c5 7. c4 cxd4 8.
cxd5 Nxd5 9. Qb3 Bb4 10. O-O Bxd2 11. Bxd2 Qd7 12. Bxd5 Qxd5 13. Qxd5 exd5 14.
Bb4 Nc6 15. Ba3 O-O-O 16. Rfd1 Rhe8 17. Kf1 Re6 18. Rac1 Kb8 19. Bc5 Rde8 20.
Rc2 g6 21. Bxd4 Nb4 22. Rcd2 Nxa2 23. Bc5 b6 24. Ba3 a5 25. e3 b5 26. Bc5 Nb4
27. Bxb4 axb4 28. Rxd5 Rb6 29. R1d4 Re7 30. Rxb4 Reb7 31. Rbd4 Kc7 32. Rd7+ Kc6
33. R4d6+ Kc5 34. Rd4 Rxd7 35. Rxd7 Rf6 36. Rd4 Ra6 37. b4+ Kc6 38. Kg2 Ra7 39.
g4 Rd7 40. Rxd7 Kxd7 41. Kf3 Kd6 42. Ke4 f6 43. Kd4 g5 44. f3 1-0

[Event "29. Torneo San Viator 2017 - Torneo B"]
[Site "Madrid ESP"]
[Date "2017.10.08"]
[Round "4.19"]
[White "Amador Andujar, Alfredo"]
[Black "Lopez Ochoa, Arsenio"]
[Result "1-0"]
[WhiteElo "1610"]
[BlackElo "1035"]
[PlyCount "115"]
[EventDate "2017.09.17"]
[EventType "swiss"]
[EventRounds "9"]
[EventCountry "ESP"]
[SourceTitle "Ajedrez en Madrid"]
[Source "lmi"]
[SourceDate "2017.09.17"]

1. e4 e5 2. Nf3 Nc6 3. Bb5 Nf6 4. O-O Bc5 5. Bxc6 dxc6 6. Nxe5 O-O 7. d3 Re8 8.
Nf3 Bg4 9. Bg5 h6 10. Bh4 Bd4 11. c3 Be5 12. d4 Bf4 13. e5 g5 14. Bxg5 Bxg5 15.
exf6 Qxf6 16. Nbd2 Re7 17. Re1 Rae8 18. Rxe7 Rxe7 19. h3 Bxd2 20. hxg4 Bg5 21.
Ne5 Qe6 22. Qf3 f6 23. Nd3 Qe2 24. Re1 Qxf3 25. gxf3 Rxe1+ 26. Nxe1 Bc1 27. Nd3
Bd2 28. f4 b6 29. Kf1 c5 30. Ke2 c4 31. Kxd2 cxd3 32. Kxd3 Kg7 33. Ke4 Kg6 34.
c4 a6 35. b4 b5 36. c5 c6 37. d5 cxd5+ 38. Kxd5 f5 39. f3 fxg4 40. fxg4 h5 41.
gxh5+ Kxh5 42. c6 Kg4 43. c7 Kxf4 44. c8=Q Ke3 45. Qc5+ Kf4 46. Qd4+ Kf5 47.
Qe5+ Kg6 48. Qf4 a5 49. bxa5 b4 50. a6 b3 51. axb3 Kg7 52. Qf5 Kh6 53. Qg4 Kh7
54. Qg5 Kh8 55. a7 Kh7 56. Ke6 Kh8 57. Kf7 Kh7 58. Qg7# 1-0